000 00288nam a2200133Ia 4500
100 _aBrown .J. A. C.
942 _cBK
654 _aPsychology.
245 _aThe social psychology of industry.
260 _bPenguin Books
_c2001
082 _a158.7
300 _a309
546 _aENGLISH
999 _c24521
_d24521